000 00575nam a22001937a 4500
999 _c177060
_d177060
005 20210205163311.0
010 _aB-736845
020 _a9780751540642
_c350.00
035 _aB-736845
037 _bGift/Eng/03-02-2021
082 _aN
100 _aMeyer, Stephenie
245 _aThe host:
_ba novel /
_cby Stephenie Meyer
260 _aLondon
_bSphere
_c2009
270 _a100 Victoria Embankment
_bLondon
300 _a617p.
_c19cm(pbk)
942 _2ddc
_cEN
_hN
_mMEY